Testo della canzone "Questo piccolo grande amore" - Claudio Baglioni - Statistics

Statistiche generali
  • Questo quiz è stato fatto 90 volte
  • Il punteggio medio è 48 su 58
Statistiche sulle risposte
Testo % Corretto
Quella sua maglietta {fina}
97%
E quell'{aria} da bambina
96%
Un piccolo {grande} amore
96%
Che lei, lei {era}
95%
Che non gliel'ho {detto} mai
95%
E {lei}
95%
Mi {immaginavo} tutto
95%
{Solo} un piccolo grande amore
95%
Ti amo {davvero}
95%
Adesso che saprei cosa {fare}
94%
Ed {io}
94%
Ma io ci andavo {matto}
94%
Mi {manca} da morire
94%
Ti amo lo {giuro}
94%
Adesso che saprei cosa {dire}
92%
Io non ho mai {capito} niente
92%
Tanto {stretta} al punto che
92%
Visto che oramai non me lo levo dalla {mente}
92%
Lei mi guardava con {sospetto}
91%
{Niente} più di questo, niente più
91%
{Adesso} che
90%
E la paura e la {voglia}
90%
Un fuoco, {quattro} risate
90%
Quel {suo} piccolo grande amore
87%
{Quel} suo piccolo grande amore
87%
Un bacio a labbra {salate}
87%
Solo un {piccolo} grande amore
86%
Il mare, i {giochi}, le fate
85%
{Voglio} un piccolo grande amore
85%
{Che} lei, lei era
84%
Mi manca da {morire}
84%
Poi mi {sorrideva} e mi teneva stretto stretto
84%
Un piccolo grande {amore}
84%
Adesso che {saprei} cosa dire
82%
Adesso che saprei {cosa} fare
82%
Niente {più} di questo, niente più
82%
di essere {nudi}
81%
{Se} ti amo davvero
81%
E lunghe {corse} affannate
80%
Mi diceva "sei una {frana}"
80%
Solamente adesso me ne sto rendendo {conto}
80%
E far l'amore giù al {faro}
77%
L'avrei {riconosciuta}
76%
E {chiare} sere d'estate
75%
Non sono {sicuro}
72%
Pure in {mezzo} a chissacché
71%
Quella {camminata} strana
71%
Ma io questa cosa {qui}
70%
Tutto ad un tratto non {parlava}
70%
Ma le si leggeva chiaro in faccia che {soffriva}
68%
di cose {proibite}
67%
Incontro a stelle {cadute}
66%
Io non lo so quant'è che ho {pianto}
63%
{Mica} l'ho mai creduta
62%
Chi arriva prima a quel {muro}
59%
Urlate al cielo, {lassù}
58%
E mani sempre più {ansiose}
53%
E le canzoni {stonate}
51%
Nessun quiz corrispondente trovato
Distribuzione punteggi
Percentuale di utenti per punteggio
Percentile per numero di risposta
I tuoi punteggi nel tempo
Non hai fatto questo quiz